000 00301nam a2200133Ia 4500
005 20251222141843.0
008 251222s9999||||xx |||||||||||||| ||spa||
082 _a515.1/M66C/1990
100 _aMitacc Meza, Máximo
245 0 _aCálculo III
250 _a3a.ed.
264 _bImpoffot
942 _cLIB
999 _c7492
_d7492